01120 2200337 4500001002100000005001500021035002000036007000300056008004100059020002200100040002200122082001500144084001700159090002200176100004300198245014200241250003500383300005500418650002300473700003300496700002200529700002700551850001200578504003100590264004300621336002100664337003000685338002300715999002200738990002200760INLIS00000000087791620230411112335 a0010-0423000216ta230411s2021 yoia g ind d a978-623-98823-9-6 aYOPDYOGbinderda04223a371.33 a371.33 ABD m aCB-D.11 2021-40150 aAbdul Malik Iskandard1969-epengarang10aMonograf relasi pemanfaatan media pembelajaran dan hasil belajar /cAbdul Malik Iskandar; penyunting, Harifuddin Halim, Jalal, Sriwahyuni aCetakan pertama, Desember 2021 axiii, 69 halaman :btabel, grafik, gambar ;c23 cm 4aMedia pembelajaran0 aHarifuddin Halimepenyunting0 aJalalepenyunting0 aSriwahyuniepenyunting aYOPDYOG aBibliografi: halaman 65-6631aSleman :bBintang Semesta Media,c2021 2rdacontentateks 2rdamediaatanpa perantara 2rdacarrieravolume aCB-D.11/2021-4015 aCB-D.11/2021-4015